Statistics for Multiple Choice Geography Questions

Click here to take the quiz!

General Stats

  • This quiz has been taken 509 times
    (500 since last reset)
  • The average score is 7 of 15

Answer Stats

QuestionAnswer% Correct
What is the capital of Croatia?Zagreb
85%
Which river is NOT in Africa?Syr Darya
63%
Which of the following is the largest river in Africa after the Nile?Congo
62%
What is the SECOND smallest country by land areaMonaco
59%
Which of these cities is the most populous?Sao paulo
56%
Which of these cities is NOT one of the capitals of South AfricaJohannesburg
53%
Which of these countries DOES border Russia?Norway
51%
Iqaliut is the capital of which Canadian territory/province?Nunavut
51%
Which country is the smallest in the Western Hemisphere?St Kitts and Nevis
48%
Name the capital of TongaNuku'alofa
46%
Which of these rivers flows into the South China sea?Mekong
33%
Which of these countries is the SECOND largest by populationNauru
25%
What is the largest city in Ecuador by population?Guayaquil
23%
Lima lies on the banks of which river?Rimac
20%
This city in the United States was named after the duke of new Spain. It was founded in 1706 name this cityAlbuquerque
17%

Score Distribution

Percentile by Number Answered

Percent of People with Each Score

Your Score History

You have not taken this quiz since the last reset